| 000 | 00571nam a22002057a 4500 | ||
|---|---|---|---|
| 001 | 00028690 | ||
| 005 | 20260401101146.0 | ||
| 008 | 260401b ag ||||| |||| 00| 0 spa d | ||
| 020 | _a9504901263 | ||
| 040 |
_aAR-CcCEOS _bspa _cAR-CcCEOS |
||
| 041 | _aspa | ||
| 080 | _a860-3(82) | ||
| 090 | _bODO | ||
| 100 |
_aPacho O´donnell _91005 |
||
| 245 |
_aMonteagudo : _bLa pasión revolucionaria / _cPacho O´donnell |
||
| 264 |
_aBuenos Aires : _bPlaneta, _cc1998. |
||
| 300 |
_a230 p. ; _c24x15 cm. |
||
| 655 | 0 |
_aliteratura argentina _928 _vnovela |
|
| 942 |
_2udc _cBK _n0 |
||
| 999 |
_c28723 _d28723 |
||